| 000 | 00546nam a2200157 a 4500 | ||
|---|---|---|---|
| 001 | 000033418 | ||
| 005 | 20200930070238.0 | ||
| 008 | 110829s1953 dr a 000 0 spa d | ||
| 040 |
_aDO-SdBNP _bspa _cBNPHU |
||
| 100 | 1 |
_aBenton, Frederick L. _954441 |
|
| 245 | 1 | 0 |
_aThe last resting place of Christopher Columbus / _cFrederick L. Benton ; Edited by George A. Lockward S. |
| 260 |
_aCiudad Trujillo, República Dominicana : _bImpresora Dominicana, _c1953. |
||
| 300 |
_a93 p. ; _c24 cm. |
||
| 700 | 1 |
_aLockward S., George A. _958978 |
|
| 049 | _aBNPD | ||
| 999 |
_c32909 _d32909 |
||